000 00968nam a2200277Ia 4500
003 OSt
005 20220927110103.0
006 a|||||r|||| 00| 0
007 ta
008 220926b |||||||| |||| 00| 0 eng d
024 _a88979
037 _cReference Collections
040 _aRTL
_cRTL
_beng
041 _2eng
_aeng
082 _a"X9(D26):77p1374,N69, K9/UN"
110 _aSymposium on the Development of Deltaic Areas (2nd) (Tokyo) (1969)
_9375933
245 0 _aProceedings
260 _aNew
_bYork United Nations U. S. A.
_c1969
300 _a"viii, 281p."
_ccm.
490 _a"United Nations, Water Resources series. 39."
500 _a"United Nations, Economic Commission for Asia and the Far East publiction"
650 _aRiver Industry
700 _aSymposium on the Development of Deltaic Areas (2nd) (Tokyo) (1969)
_9375934
942 _h"X9(D26):77p1374,N69, K9/UN"
_cCC
999 _c695394
_d695394